000 00815nam a22002417a 4500
999 _c15027
_d15027
003 AR-CdUCM
008 190425b ||||| |||| 00| 0 spa d
020 _a978-84-7864-026-3
040 _aMUNICIPALIDAD PROVINCIAL DEL CUSCO
_cBIBLIOTECA MUNICIPAL DEL CUSCO
041 _hfre
082 _24ed.
_aPI / 376.1 /
_bD84
245 _aMe divierto con las pegatinas :
_bPegar, pintar y aprender con pegatinas originales y divertidas /
260 _aBarcelona :
_bCombel,
_c2007.
300 _bilustraciones,
_c27.5 cm.
500 _aTexto contiene stickers.
650 _aAprendizaje infantil
_933271
650 _aPrimera infancia
_924660
650 _aSiglo XXI
_92856
700 _aOrihuela, Luz (adaptación)
_934037
710 _aCombel Editorial.
_933005
942 _2ddc
_cLIBROS
945 _aachl
_d2019-04-25